| 000 | 01019cam a22002895a 4500 | ||
|---|---|---|---|
| 001 | 12800493 | ||
| 005 | 20171216163659.0 | ||
| 008 | 020604s2005 ii a frb 001 0 eng d | ||
| 010 | _a 2002283386 | ||
| 020 | _a0750674989 | ||
| 020 | _a8181475852 | ||
| 035 | _a(OCoLC)ocm49245816 | ||
| 040 |
_aTXU _beng _cTXU _dDLC _dEG-ScBUE |
||
| 082 | 0 | 4 |
_a628.162 _bCHE _222 |
| 100 | 1 |
_aCheremisinoff, Nicholas P. _96591 |
|
| 245 | 1 | 0 |
_aHandbook of water and wastewater treatment technologies / _cNicholas P. Cheremisinoff. |
| 246 | 3 | 0 | _aWater and wastewater treatment technologies |
| 260 |
_aNew Delhi : _bReed Elsevier India ; _aWoburn : _bButterworth-Heinemann / Elsevier, _c2005. |
||
| 300 |
_axii, 636 p. : _bill. ; _c26 cm. |
||
| 504 | _aIncludes bibliographical references and index. | ||
| 650 | 7 |
_aWater _xPurification. _2BUEsh |
|
| 650 | 7 |
_aSewage _xPurification. _2BUEsh |
|
| 651 | _2BUEsh | ||
| 653 |
_bENGELC _cDecember2017 |
||
| 942 | _2ddc | ||
| 999 |
_c25714 _d25686 |
||